Tornerà? (Record n. 211256)

Dettagli MARC
000 -LEADER
fixed length control field 00963nam a2200205Ia 4500
001 - CONTROL NUMBER
control field b5845-40384
003 - CONTROL NUMBER IDENTIFIER
control field IT-MiCISF
008 - FIXED-LENGTH DATA ELEMENTS--GENERAL INFORMATION
fixed length control field 161014s9999||||xx |||||||||||||| ||und||
040 ## - CATALOGING SOURCE
Original cataloging agency IT-MiCISF
Transcribing agency IT-MiCISF
041 ## - LANGUAGE CODE
Language code of text/sound track or separate title it
999 ## - SYSTEM CONTROL NUMBERS (KOHA)
Koha Dewey Subclass [OBSOLETE] si
100 ## - MAIN ENTRY--PERSONAL NAME
Personal name Varano Maria
245 #0 - TITLE STATEMENT
Title Tornerà?
Remainder of title Come parlare della morte ai bambini
250 ## - EDITION STATEMENT
Edition statement 1a ed.
260 ## - PUBLICATION, DISTRIBUTION, ETC. (IMPRINT)
Place of publication, distribution, etc. Torino
Name of publisher, distributor, etc. Ega
Date of publication, distribution, etc. 2002
300 ## - PHYSICAL DESCRIPTION
Extent pp. 120
500 ## - GENERAL NOTE
General note / morte, infanzia, famiglia / Di fronte alla morte è normale provare rabbia, disperazione e senso di smarrimento; eppure gli adulti tendono a nascondere le loro emozioni nel tentativo di proteggere i bambini dal dolore. I bambini invece - come sottolinea l'A., psicologa e psicoterapeuta - devono avere lo spazio e la possibilità di manifestare le proprie emozioni insieme agli adulti, condividere i sentimenti all'interno della famiglia, a scuola, con i compagni e gli insegnanti.
650 ## - SUBJECT ADDED ENTRY--TOPICAL TERM
Topical term or geographic name as entry element morte
942 ## - ADDED ENTRY ELEMENTS (KOHA)
Koha item type LIBRO
957 ## -
-- 1
999 ## - SYSTEM CONTROL NUMBERS (KOHA)
-- 1
Dati di copia
Withdrawn status Lost status Damaged status Not for loan Home library Current library Date acquired Total Checkouts Full call number Date last seen Price effective from Koha item type Public note
    Buone Condizioni Not For Loan CISF - Milano CISF - Milano 14/10/2016   b5845-40384 14/10/2016 14/10/2016 LIBRO Data import 15.10.2016 / by Epidotti, Vaglietti
CREDITS: SOCIETA' SAN PAOLO Via A.Severo, 58 - ROMA (RM) & PERIODICI SAN PAOLO SRL Via Giotto, 36 MILANO & CISF Via Giotto, 36 MILANO & EDIZIONI SAN PAOLO SRL,  Piazza Soncino, 5 CINISELLO BALSAMO (MI) -- ITALY